| 000 | 01008nam a2200229Ia 4500 | ||
|---|---|---|---|
| 003 | Ost | ||
| 005 | 20260507075017.0 | ||
| 008 | 260507s9999||||xx |||||||||||||| ||und|| | ||
| 040 | _cfsecg | ||
| 041 | _aara | ||
| 082 | _a338.5 | ||
| 100 |
_aالليثي، محمد على _eمؤلف |
||
| 245 | 0 |
_aالنظرية الإقتصادية الجزئية / _c محمد على الليثي |
|
| 260 |
_aالإسكندرية: _bالدار الجامعية, _c2002 |
||
| 300 |
_a399 صفحة؛ _bإيضاحات ؛ _c24 سم |
||
| 504 | _aالطبعة 2000 غير مزيدة أما الطبعة 2005 منقحة ومزيدة | ||
| 520 | _aتوازن السوق-تحليل الطلب وتوازن المستهلك-تحليل العرض وتوازن المشروع-تحديد أثمان خدمات عوامل الإنتاج | ||
| 653 | _aالاقتصاد الجزئي | ||
| 653 | _aالاقتصاد-نظريات | ||
| 700 |
_aنجيب، نعمة الله وآخرون _eمؤلف ثانوي |
||
| 942 | _cكتاب | ||
| 999 |
_c42219 _d42219 |
||